000
00226 a2200097 4500
001
19653
100
_a
Gavett J W
245
_a
Production & Operations Management
260
_a
_b
Harcourt Brace
_c
1968
090
_c
14320
_d
14320
942
_a
NUST-CAE
_c
M
_c
4804
999
_c
254726
_d
254726